000 00663 a2200229 4500
003 OSt
005 20180116192406.0
008 120615t xxu||||| |||| 00| 0 eng d
010 _a 99187883
020 _a9780714838052
040 _c0
082 0 0 _a636.700222
100 1 _aErwitt, Elliott.
_94648
245 1 0 _aDog dogs /
_cElliott Erwitt.
260 _a[London] :
_bPhaidon,
_c[1998?]
300 _a1 v. (unpaged) :
_bchiefly ill. ;
_c19 cm.
500 _aCover title.
650 1 0 _aDogs
_94649
650 1 0 _aPhotography of dogs.
_94650
942 _aSADA
_cBK
_k636.700222 ERW 1998
_2ddc
999 _c353390
_d353390